Minyatürlerle Hz. Mevlânâ ve ailesi = (Record no. 17657)
| 000 -BAŞLIK | |
|---|---|
| Sabit Uzunluktaki Kontrol Alanı | 01712nam a22004097a 4500 |
| 001 - KONTROL NUMARASI | |
| Control Dosyası | 0017700 |
| 003 - KONTROL NUMARASI KİMLİĞİ | |
| Kontrol Alanı | KOHA_MİRAKIL |
| 005 - EN SON İŞLEM TARİHİ ve ZAMANI | |
| Kontrol Alanı | 20260207002149.0 |
| 007 - FİZİKSEL TANIM SABİT ALAN - GENEL BİLGİ | |
| Sabit uzunluklu kontrol alanı | ta |
| 008 - SABİT UZUNLUKTAKİ VERİ ÖGELERİ - GENEL BİLGİ | |
| Sabit Alan | 110316b2009 tu a|||gr||||#||||0|tur | |
| 020 ## - ISBN - ULUSLARARASI STANDART KİTAP NUMARASI | |
| Isbn | 9755857855 |
| Kullanılabilirlik koşulları | 0,01 |
| 040 ## - KATALOGLAMA KAYNAĞI | |
| Özgün Kataloglama Kurumu | TR-BiSEU |
| Kataloglama Dili | tur |
| Çeviri Kurumu | TR-BiSEU |
| Açıklama Kuralları | rda |
| 041 0# - DİL KODU | |
| Metin ya da ses kaydının dil kodu | tur |
| 044 ## - YAYINLAYAN/ÜRETEN KURULUŞUN ÜLKE KODU | |
| ISO country code | tu |
| 050 ## - SINIFLAMA ve YER NUMARASI | |
| Sınıflama Numarası | ND3211 |
| Yer Numarası | .E34 2009 |
| 100 1# - KİŞİ ADI | |
| Yazar Adı (Kişi adı) | Efe, Ahmet. |
| 240 10 - TEK BİÇİM BAŞLIK | |
| Tekbiçim Başlık | <a href="Mevlana, his family and friends in miniatures">Mevlana, his family and friends in miniatures</a> |
| Language of a work | Türkçe |
| 245 1# - ESER ADI BİLDİRİMİ | |
| Başlık | Minyatürlerle Hz. Mevlânâ ve ailesi = |
| Alt Eseradı vb. | Mevlana, his family and friends in miniatures/ |
| Sorumluluk Bildirimi | Ahmet Efe ; Ahmet Efe; editör A. Yarar; çeviren Sami Çavuşoğlu. |
| 264 #1 - ÜRERİM, YAYIN, DAĞITIM ve TELİF BİLDİRİMİ | |
| Yayın yeri | Konya : |
| Yayınlayan | Konya Valiliği İl Kültür ve Turizm Müdürlüğü Yayınlığı |
| Yayın tarihi | 2009 |
| 300 ## - FİZİKSEL TANIMLAMA | |
| Sayfa, Cilt vb. | [100 s.]: resimli; 29 cm. |
| 336 ## - İÇERİK TÜRÜ | |
| Content type term | metin |
| Content type code | txt |
| Source | rdacontent |
| 337 ## - MEDYA TÜRÜ | |
| Media type term | aracısız |
| Media type code | n |
| Source | rdamedia |
| 338 ## - TAŞIYICI TÜRÜ | |
| Carrier type term | cilt |
| Carrier type code | nc |
| Source | rdacarrier |
| 490 1# - DİZİ BİLDİRİMİ | |
| Dizi Bildirimi | Konya Valiliği İl Kültür ve Turizm Müdürlüğü Yayınları Yayın ; |
| Cilt Numarası | no. |
| 490 1# - DİZİ BİLDİRİMİ | |
| Dizi Bildirimi | 145. |
| 500 ## - GENEL NOT | |
| Genel Not | Kaynakça var. |
| 500 ## - GENEL NOT | |
| Genel Not | Türkçe ,İngilizce metin var. |
| 650 #0 - KONU BAŞLIĞI EK GİRİŞ - KONU TERİMİ | |
| Konusal terim veya coğrafi ad | Illumination of books and manuscripts, Turkish--Themes, motives. |
| 9 (RLIN) | 41125 |
| 650 #0 - KONU BAŞLIĞI EK GİRİŞ - KONU TERİMİ | |
| Konusal terim veya coğrafi ad | Tezhip, kitaplar ve el yazmaları, Türk--Konular, motifler. |
| 9 (RLIN) | 41126 |
| 650 #0 - KONU BAŞLIĞI EK GİRİŞ - KONU TERİMİ | |
| Konusal terim veya coğrafi ad | Miniature painting, Turkish--Themes, motives. |
| 9 (RLIN) | 41127 |
| 650 #0 - KONU BAŞLIĞI EK GİRİŞ - KONU TERİMİ | |
| Konusal terim veya coğrafi ad | Minyatür resim, Türk--Konular, motifler. |
| 9 (RLIN) | 41128 |
| 650 #0 - KONU BAŞLIĞI EK GİRİŞ - KONU TERİMİ | |
| Konusal terim veya coğrafi ad | Jalāl al-Dīn Rūmī, Maulana, 1207-1273--Pictorial works. |
| 9 (RLIN) | 41129 |
| 650 #0 - KONU BAŞLIĞI EK GİRİŞ - KONU TERİMİ | |
| Konusal terim veya coğrafi ad | Mevlana Celaleddin Rumi, 1207-1273--Resimli çalışmalar. |
| 9 (RLIN) | 41130 |
| 830 1# - SERİ EK GİRİŞİ - TEKBİÇİM ESER ADI | |
| Tekbiçim Başlık | Konya Valiliği İl Kültür ve Turizm Müdürlüğü Yayınları Yayın ; |
| Volume number/sequential designation | no. |
| 9 (RLIN) | 41090 |
| 830 1# - SERİ EK GİRİŞİ - TEKBİÇİM ESER ADI | |
| Tekbiçim Başlık | 145. |
| 9 (RLIN) | 30545 |
| 942 ## - EK GİRİŞ ÖGELERİ (KOHA) | |
| Source of classification or shelving scheme | Library of Congress Classification |
| Koha item type | Book |
| Materyal Türü | Kalıcı Konum | Mevcut Konum | Raf Yeri | Sınıflandırma Kaynağı | Edinim Bilgisi | Ana Konular | Alt Konular | Yer Numarası | Demirbaş Numarası | Fatura Tarihi | Geri Çekilme Durumu | Kayıp Durumu | Hasarlı Durumu | Kredi için değil | Kayıt Tarih | Toplam Ödünçverme | Son Görülme Tarihi | Son Kontrol Tarihi | Genel / Bağış Notu | Koleksiyon Kodu |
|---|---|---|---|---|---|---|---|---|---|---|---|---|---|---|---|---|---|---|---|---|
| Book | Prof. Dr. Azmi Özcan Kütüphanesi | Prof. Dr. Azmi Özcan Kütüphanesi | Uluğbey Salonu | Library of Congress Classification | Bağış | GÜZEL SANATLAR | Resim | ND3211 .E34 2009 | 0017700 | 13/08/2010 | 28/05/2010 | 05/12/2024 | 05/12/2024 | Genel Bağış | ||||||
| Book | Prof. Dr. Azmi Özcan Kütüphanesi | Prof. Dr. Azmi Özcan Kütüphanesi | Uluğbey Salonu | Library of Congress Classification | Bağış | GÜZEL SANATLAR | Resim | ND3211 .E34 2009 | 0028565 | 02/02/2026 | Ödünç verilmez | 16/03/2011 | 14/11/2025 | 14/11/2025 | İstanbul İl Kültür Müdürlüğü | Prestij |
